000
00324nam a22001337a 4500
008
181001b xxu||||| |||| 00| 0 eng d
020
_a
9780394565286
041
_a
eng
080
_a
610
100
_a
24
101
_a
ENC
245
_a
The American Medical Association Encyclopedia
_c
Clayman.CH.B
942
_2
udc
_c
BK
999
_c
48708
_d
48708